000 00662nam a2200265Ia 4500
005 20260302115631.0
008 008 260114s9999 xx 000 0 eng d
020 _a9781350488229
037 _aTextbook
040 _aCRL
040 _beng
040 _cCRL
041 _2eng
041 _aeng
084 _qCRL
100 _aJohn Russell Brown
_91121439
245 0 _aKing Lear
260 _bBloomsbury
260 _bThe Arden Shakespeare
260 _c2009
650 _aLiterary Studies
856 _uhttps://doi.org/10.1007/978-1-137-01914-1?locatt=label:secondary_bloomsburyCollections
942 _cEBOOK
999 _c1686929
_d1686929